000 01175nam a22002537a 4500
999 _c22197
_d22197
003 AR-CdUCM
008 190425b ||||| |||| 00| 0 spa d
040 _aMUNICIPALIDAD PROVINCIAL DEL CUSCO
_cBIBLIOTECA MUNICIPAL DEL CUSCO
082 _aOropesa/N°101/2017
245 _aOropesa :
_brevista de cultura y educación de opinión y crítica /
_cAmérico Valer Vargas, Director
260 _aCusco.
_bLezama,
_c2017.
300 _a20 páginas. :
_bilustraciones ;
_c30 cm.
440 _aOropesa.
_nAño XXXV, N°101, febrero 2017.
_947622
505 _aContenido: Pensamiento filosófico de la religiosidad Inka en la praxis del runa. -- El ser en el mundo y el ser para la vida una perspectiva Filosófico Pedagógico. -- Toponimias del Centro Urbano del Cusco. -- Conceptos básicos del cambio climático. -- El señor del Cabildo y el gallo tipiy.
650 _aPolítica cusqueña
_947381
650 _aCultura andina
_947570
650 _aSociedad cusqueña
_947493
650 _aSiglo XX
_947561
700 _aCalvo Calvo, Rosano
_947621
700 _aValer Vargas, Alejandro
_947563
700 _aCondori Paucara, José
_947623
942 _2ddc
_cPP
945 _arac